000 01442cam a2200445 4500
003 PE-LiUPU
005 20250731173101.0
008 1997 mdua eng
020 _a0828012636
035 _a(Sirsi) i9780828012638
040 _bspa
_cPE-LiUPU
_dPE-LiUPU
_erda
049 _aPRUA
050 _aBX6193
_b.K55R
082 0 4 _a286.732092
_bK69r
_223
100 1 _aKnight, George Raymond
245 1 0 _aReading Ellen White :
_bhow to understand and apply her writings /
_cGeorge Raymond Knight.
264 1 _aHagerstown, MD :
_bReview and Herald Publishing Association,
_c1997
300 _a140 páginas :
_bilustraciones;
_c21 centímetros
336 _atext
_2rdacontent
337 _aunmediated
_2rdamedia
338 _avolume
_2rdacarrier
505 0 _aPreliminary considerations -- Principles of interpretation -- Principles of application.
526 _aSEG42
526 _aSEG41
526 _aSEG40
526 _aSEG39
526 _aP94
526 _aP87
526 _aP86
526 _aP85
526 _aP77
526 _aP76
526 _aP35
600 _aWhite, Elena G. de
_d1827-1915
910 _aaj-op
942 _2ddc
_cBOOK
949 _a286.732092 K65
_wDEWEY
_c4
_i50686
_f2017-2-15
_g1
_lCIAE7
_mBUL
_r0
_sY
_tBOOK
_u2015-6-24
_xTEOLOGIA
_0COMPRA
_o.STAFF. Colección Teología
999 _c28022
_d28022
980 _81
_gALBERTO SANCHEZ Responsable de Automatización